Von der Befreiung zur Freiheit : ein Photoalbum 1945-1960 /

Main Author: Lessing, Erich, 1923-2018
Other Authors: Bacher, Gerd, 1925-2015
Language: German
Published: Wien : Verlag der Metamorphosen, 2005
Edition: 2. Aufl.
Physical Description: 252 s. : fotografie
Book
Saved in:
LEADER 01476nam a2200397za 4500
001 000998893
003 CZ BrMZK
005 20200429134232.0
007 ta
008 060306s2005 au o er|||||||||||ger d
020 |a 3-9501958-0-7  |q (brož.) 
040 |a BOA001  |b cze 
043 |a e-au--- 
045 |a x4x6 
072 7 |a 77  |x Fotografie. Fotografické postupy  |2 Konspekt  |9 21 
072 7 |a 94(430/439)  |x Dějiny zemí střední Evropy  |2 Konspekt  |9 8 
080 |a 77.03  |2 MRF 
080 |a 94(436)  |2 MRF 
080 |a (084.12)  |2 MRF 
100 1 |a Lessing, Erich,  |d 1923-2018  |7 kup19940000057118  |4 aut 
245 1 0 |a Von der Befreiung zur Freiheit :  |b ein Photoalbum 1945-1960 /  |c Erich Lessing ; mit Beiträgen von Gerd Bacher ... [et al.] 
250 |a 2. Aufl. 
260 |a Wien :  |b Verlag der Metamorphosen,  |c 2005 
300 |a 252 s. :  |b fotografie 
541 |a 2.1.2006 
600 1 7 |a Lessing, Erich,  |d 1923-2018  |7 kup19940000057118 
648 4 |a 1945-1960 
648 7 |a 20. století  |7 ch460558 
650 0 7 |a dokumentární fotografie  |7 ph119534  |z Rakousko  |y 20. století  |2 czenas 
651 7 |a Rakousko  |7 ge130612  |x dějiny  |y 20. století  |2 czenas 
655 7 |a fotografické publikace  |7 fd132276  |2 czenas 
700 1 |a Bacher, Gerd,  |d 1925-2015  |7 jx20070906001  |4 edt 
910 |a BOA001  |b RK-0004.897 
990 |a BK 
991 |b 201006  |z 000047468  |x 33 
996 7 |b 261A005913  |c RK-0004.897  |l Rakouská knihovna/2.patro  |r ZHR  |n 0  |p {1-G-04.897}  |h G  |w 000998893  |u 000010  |a 0  |e BOA001  |j MZK50  |s A